Bibliografie dějin Českých zemí za rok 1992 = <<The >>bibliography of the history of the Czech lands for the year 1992 / sestavili Milada Drašnarová ... [et al.] ; slovenskou část sestavila a redakčně přehlédla Alžbeta Sedliaková
Record details
- ISBN: 80-85268-77-9 :
- Physical Description: 376 s.
- Publisher: Praha : Historický ústav AV ČR, 1998
Content descriptions
| General Note: | Souběž. tit. list v angličtině |
| Bibliography, etc. Note: | Rejstříky |
Search for related items by series
Available copies
- 1 of 1 copy available at Common Catalog SPOK.
Holds
- 0 current holds with 1 total copy.
Show Only Available Copies
| Location | Call Number / Copy Notes | Barcode | Shelving Location | Status | Due Date |
|---|---|---|---|---|---|
| Terezin Initiative Institute | S 1955 | 4594301955 | Knihovna ITI | Available | - |
| LDR | 01311nam a2200325 a 4500 | ||
|---|---|---|---|
| 001 | 27977 | ||
| 003 | CZ-PrJAB | ||
| 005 | 20160811120038.0 | ||
| 008 | 990111s1998 xr gr u 0 cze | ||
| 020 | . | ‡a80-85268-77-9 : ‡cKč 308.00 | |
| 035 | . | ‡a(CONS)2810 | |
| 035 | . | ‡a(CZ PrSKC)214630 | |
| 040 | . | ‡aLIA001 ‡bcze | |
| 041 | . | ‡acze ‡aeng | |
| 080 | . | ‡a016 | |
| 080 | . | ‡a943.7 | |
| 080 | . | ‡a943.71/.73 | |
| 245 | 0 | 0. | ‡aBibliografie dějin Českých zemí za rok 1992 = ‡b<<The >>bibliography of the history of the Czech lands for the year 1992 / ‡csestavili Milada Drašnarová ... [et al.] ; slovenskou část sestavila a redakčně přehlédla Alžbeta Sedliaková |
| 246 | 3 | 1. | ‡aThe Bibliography of the History of Czechoslovakia for the Year 1992 |
| 260 | . | ‡aPraha : ‡bHistorický ústav AV ČR, ‡c1998 | |
| 300 | . | ‡a376 s. | |
| 490 | 1 | . | ‡aPráce Historického ústavu AV ČR. Řada D, Bibliographia ; ‡vsv. 5 |
| 500 | . | ‡aSouběž. tit. list v angličtině | |
| 504 | . | ‡aRejstříky | |
| 700 | 1 | . | ‡aDrašnarová, Milada ‡4com |
| 700 | 1 | . | ‡aSedliaková, Alžbeta ‡4com |
| 710 | 2 | . | ‡aHistorický ústav AV ČR ((Praha, ČR)) ‡4aut |
| 830 | 0. | ‡aPráce Historického ústavu AV ČR. ‡pBibliographia | |
| 852 | 4 | . | ‡bJACH-ITI ‡bJACH-ITI ‡cKnihovna ITI ‡jS 1955 ‡pS1955 ‡y$0.00 |
| 910 | . | ‡aABE340 ‡b1955 | |
| 901 | . | ‡a27977 ‡bISxN ‡c27977 ‡tbiblio | |